Pobreza o desigualdad de género?: el caso de las familias jefaturadas por mujeres /
Bewaard in:
| Hoofdauteur: | |
|---|---|
| Formaat: | Texto |
| Onderwerpen: | |
| Tags: |
Voeg label toe
Geen labels, Wees de eerste die dit record labelt!
|
MARC
| LEADER | 00000 a a2200000 04500 | ||
|---|---|---|---|
| 001 | 1158 | ||
| 003 | |||
| 040 | |||
| 100 | |a Fuller, Norma | ||
| 245 | |a Pobreza o desigualdad de género?: |b el caso de las familias jefaturadas por mujeres / |c Norma Fuller | ||
| 650 | |a MUJERES | ||
| 650 | |a MADRES | ||
| 650 | |a COMPOSICION FAMILIAR | ||
| 650 | |a POBREZA | ||
| 650 | |a DISCRIMINACION BASADA EN EL SEXO | ||
| 773 | |g número 10; páginas 43-59 | ||
| 999 | |c 21762 |d 21762 | ||
